Programové vybavení pro technologickou klávesnici

Bibliographic Details
Main Author: Kotík, Michal (Author)
Format: Article
Language:Slovak
PhysicalDescription:Obr. 2., lit. 1 zázn. v slov.
Subjects:

MARC

LEADER 00000nab a2200000 a 4500
001 vtls000268764
003 SK-MaSNL
005 20260302213543.0
008 111202c1986 xo 0 slo
015 |a SNBRA19rr/mm-uuuuu 
035 |a CL0278878 
040 |a SNKBUCL  |b slo  |c SNKBUCL  |e AACR2 
041 0 |a slo 
044 |a xo  |c SK 
080 |a 681.51:005  |2 1981 
080 |a 005  |2 1981 
080 |a 681.3.06  |2 1981 
100 1 |a Kotík, Michal  |4 aut  |9 939645 
245 1 0 |a Programové vybavení pro technologickou klávesnici  |c Michal Kotík 
300 |b Obr. 2., lit. 1 zázn. v slov. 
650 0 7 |a systémy riadiace informačné  |2 snkbucl  |9 939639 
650 0 7 |a DASOR-601 (systém riadiaci informačný)  |2 snkbucl  |9 939640 
650 0 7 |a klávesnice strojové  |2 snkbucl  |9 939664 
650 0 7 |a D-EOP-950 (strojová klávesnica)  |2 snkbucl  |9 939665 
655 7 |a články zo zborníkov  |2 snkbucl  |9 166140 
773 0 |t Školenie pre riadiaci a informačný systém DASOR-601  |d Bratislava : Dom techniky ČSVTS, 1986  |g S. 81-90 
850 |a Slovenská národná knižnica v Martine  |a MTA001 
852 |a SNK  |b KIS3GCP 
958 |a RK 
992 |a RZB 
999 |c 1494024  |d 1495954